| 000 | 00836nam a2200229Ia 4500 | ||
|---|---|---|---|
| 003 | GCL | ||
| 008 | 140319s9999 xx 000 0 ara d | ||
| 040 |
_aGCL / _cGCL |
||
| 082 | 0 | 4 |
_aق _b323.11924062 _bن ى |
| 100 | 1 | _aنبيل عبدالحميد سيد احمد | |
| 245 | 1 | 0 |
_aاليهود فى مصر بين قيام اسرائيل والعدوان الثلاثى 1956-1948 / _cنبيل عبدالحميد سيد احمد |
| 260 |
_a[S.N] : _bالهيئة المصرية العامة للكتاب ، _c1991 |
||
| 300 | _a222 ص | ||
| 490 |
_aمصر النهضة _v0 |
||
| 650 | 0 | 4 | _aالعصر الحديث |
| 650 | 0 | 4 | _aمصر |
| 650 | 0 | 4 | _aتاريخ |
| 650 | 0 | 4 | _aاليهود فى مصر |
| 650 | 0 | 4 | _aثورة 23 يوليو 1952 |
| 650 | 0 | 4 | _aمركز وثائق وتاريخ مصر المعاصر |
| 942 |
_2ddc _cBK |
||
| 999 |
_c52489 _d52489 |
||